000
00276nam a22001217a 4500
041
_a
ENG
100
_a
Labye.Y
245
_a
Design And Optimization Of Irrigation Distribution Networks
260
_a
Rome
_b
FAO
_c
1988
300
_a
274
650
_a
FAO
856
_u
FAO ( 01 )
999
_c
2370
_d
2370